Vysoké Tatry Štrbské Pleso

Bibliographic Details
Other Authors: Prochádzka, Karel (Photographer)
Format: Postcard
Language:Slovak
PhysicalDescription:1 pohľadnica čiernobiela 9 x 14 cm
Published: Starý Smokovec Nový Smokovec Obchodný dom-Warenhaus Bányász [1959?]
Subjects:

MARC

LEADER 00000nkm a2200000 a 4500
001 vtls011548158
003 SK-MaSNL
005 20260512122802.0
007 kp bo
008 231214q1959 xo g kuslo
015 |a SNBG1959 
035 |a urn:nbn:sk:snk-km00bjzk 
035 |a urn:nbn:sk:snk-km3lmke 
035 |a 4CCA9F0A-E196-4DA3-8171-FBBBB35F11FD 
040 |a SNK  |b slo  |c SNK  |e AACR2 
041 0 |a slo 
043 |a e-xo--- 
044 |a xo  |c SK 
080 |a 908(437.6)  |2 2011 
080 |a 551.332.56(234.374.4)  |2 2011 
080 |a (084.121)  |2 2011 
100 1 |a Prochádzka, Karel  |4 pht  |9 73409 
245 0 0 |a Vysoké Tatry  |h grafika  |b Štrbské Pleso  |c foto Dr. Procházka 
260 |a Starý Smokovec  |a Nový Smokovec  |b Obchodný dom-Warenhaus Bányász  |c [1959?] 
300 |a 1 pohľadnica  |b čiernobiela  |c 9 x 14 cm 
651 7 |a Štrbské pleso (Vysoké Tatry, Slovensko)  |2 SNKPH  |9 174793 
655 7 |a miestne pohľadnice  |2 SNKPH  |9 70510 
852 |a Slovenská národná knižnica 
958 |a GC 
958 |a GBN 
958 |a OND 
999 |c 672849  |d 674779 
952 |a SNK  |b SNK  |y PREZ  |7 0  |p 17A1183170  |o snkSP 14533  |0 0  |1 0  |4 0  |d 2016-04-27  |f 1  |l 0  |r 2026-02-23 19:32:08  |w 2026-02-23